[Event "European Women's Championship"]
[Site "Vysoke Tatry"]
[Date "2018.04.16"]
[Round "8"]
[White "Hoolt, Sarah"]
[Black "Kantane, Anna"]
[Result "1-0"]
[Board "34"]
[WhiteElo "2393"]
[WhiteTitle "WGM"]
[WhiteCountry "GER"]
[WhiteFideId "24606812"]
[WhiteEloChange "6"]
[BlackElo "2266"]
[BlackTitle "WIM"]
[BlackCountry "POL"]
[BlackFideId "1135988"]
[BlackEloChange "-6"]

1. e4 {[%clk 1:30:57]} e5 {[%clk 1:30:52]} 2. Nf3 {[%clk 1:31:21]} Nc6 {[%clk
1:31:16]} 3. Bc4 {[%clk 1:31:47]} Nf6 {[%clk 1:31:38]} 4. d4 {[%clk 1:32:09]}
exd4 {[%clk 1:32:01]} 5. e5 {[%clk 1:32:32]} d5 {[%clk 1:32:06]} 6. Bb5 {[%clk
1:32:12]} Ne4 {[%clk 1:32:28]} 7. Nxd4 {[%clk 1:32:07]} Bd7 {[%clk 1:32:44]} 8.
Bxc6 {[%clk 1:32:14]} bxc6 {[%clk 1:33:07]} 9. O-O {[%clk 1:31:44]} Bc5 {[%clk
1:30:45]} 10. f3 {[%clk 1:31:34]} Ng5 {[%clk 1:31:01]} 11. Be3 {[%clk 1:31:41]}
Bb6 {[%clk 1:17:46]} 12. f4 {[%clk 1:31:35]} Ne4 {[%clk 1:17:38]} 13. Nd2 {[%clk
1:31:50]} Nxd2 {[%clk 1:15:49]} 14. Qxd2 {[%clk 1:32:10]} c5 {[%clk 1:15:34]} 15.
Nf3 {[%clk 1:32:29]} d4 {[%clk 1:04:55]} 16. Bf2 {[%clk 1:32:53]} Bc6 {[%clk
1:05:13]} 17. a4 {[%clk 1:31:31]} a5 {[%clk 1:03:40]} 18. Qd3 {[%clk 1:31:36]}
Qd5 {[%clk 0:57:30]} 19. Rfe1 {[%clk 1:31:18]} O-O-O {[%clk 0:52:26]} 20. b3
{[%clk 1:28:49]} h6 {[%clk 0:35:42]} 21. Bh4 {[%clk 1:18:20]} Rdg8 {[%clk
0:27:52]} 22. Re2 {[%clk 1:15:36]} g5 {[%clk 0:21:05]} 23. fxg5 {[%clk 1:05:52]}
Qe6 {[%clk 0:13:54]} 24. Rf1 {[%clk 0:52:25]} hxg5 {[%clk 0:12:33]} 25. Bg3
{[%clk 0:51:31]} c4 {[%clk 0:02:38]} 26. bxc4 {[%clk 0:51:54]} Bxa4 {[%clk
0:02:36]} 27. Nxd4 {[%clk 0:48:24]} Qd7 {[%clk 0:01:59]} 28. c3 {[%clk 0:40:57]}
Rd8 {[%clk 0:01:18]} 29. c5 {[%clk 0:40:54]} Bxc5 {[%clk 0:00:53]} 30. Qa6+
{[%clk 0:41:14]} Kb8 {[%clk 0:01:18]} 31. Rb1+ {[%clk 0:41:28]} Bb4 {[%clk
0:00:34]} 32. Qxa5 {[%clk 0:41:23]} c5 {[%clk 0:00:34]} 33. e6+ {[%clk 0:41:35]}
1-0

[Event "European Women's Championship"]
[Site "Vysoke Tatry"]
[Date "2018.04.16"]
[Round "8"]
[White "Milliet, Sophie"]
[Black "Ionescu, Irina"]
[Result "1-0"]
[Board "35"]
[WhiteElo "2391"]
[WhiteTitle "IM"]
[WhiteCountry "FRA"]
[WhiteFideId "623725"]
[WhiteEloChange "6"]
[BlackElo "2247"]
[BlackTitle "WGM"]
[BlackCountry "ROU"]
[BlackFideId "1204750"]
[BlackEloChange "-6"]

1. e4 {[%clk 1:30:57]} e5 {[%clk 1:30:53]} 2. Nf3 {[%clk 1:31:22]} Nc6 {[%clk
1:31:17]} 3. Bc4 {[%clk 1:31:45]} Bc5 {[%clk 1:31:32]} 4. O-O {[%clk 1:31:11]}
Nf6 {[%clk 1:31:54]} 5. d3 {[%clk 1:31:35]} d6 {[%clk 1:32:10]} 6. c3 {[%clk
1:31:56]} a6 {[%clk 1:32:21]} 7. a4 {[%clk 1:32:21]} Ba7 {[%clk 1:32:30]} 8. Re1
{[%clk 1:32:11]} h6 {[%clk 1:32:38]} 9. Nbd2 {[%clk 1:32:22]} g5 {[%clk 1:32:18]}
10. b4 {[%clk 1:26:52]} g4 {[%clk 1:30:38]} 11. Nh4 {[%clk 1:27:17]} Nxe4 {[%clk
1:29:13]} 12. Nxe4 {[%clk 1:27:39]} Qxh4 {[%clk 1:29:28]} 13. d4 {[%clk 1:27:36]}
f5 {[%clk 1:16:59]} 14. Ng3 {[%clk 1:27:23]} e4 {[%clk 1:05:25]} 15. Qb3 {[%clk
1:09:38]} Ne7 {[%clk 0:58:27]} 16. Bf7+ {[%clk 0:56:03]} Kd8 {[%clk 0:52:47]} 17.
Nh5 {[%clk 0:55:59]} Nc6 {[%clk 0:52:52]} 18. Be3 {[%clk 0:55:20]} Qe7 {[%clk
0:50:06]} 19. Nf4 {[%clk 0:54:57]} Qf6 {[%clk 0:46:00]} 20. b5 {[%clk 0:48:50]}
Na5 {[%clk 0:44:07]} 21. Qd5 {[%clk 0:49:08]} Bb6 {[%clk 0:41:38]} 22. Rab1
{[%clk 0:40:41]} c6 {[%clk 0:25:03]} 23. bxc6 {[%clk 0:39:13]} bxc6 {[%clk
0:25:26]} 24. Qa2 {[%clk 0:39:35]} Bc7 {[%clk 0:25:21]} 25. Be6 {[%clk 0:37:15]}
d5 {[%clk 0:12:53]} 26. Bxd5 {[%clk 0:37:10]} Ke7 {[%clk 0:12:48]} 27. Bc4 {[%clk
0:31:04]} Nxc4 {[%clk 0:07:09]} 28. Qxc4 {[%clk 0:29:43]} Rd8 {[%clk 0:07:33]}
29. Red1 {[%clk 0:26:23]} Rb8 {[%clk 0:06:33]} 30. Qc5+ {[%clk 0:21:24]} Qd6
{[%clk 0:05:24]} 31. Qa7 {[%clk 0:21:48]} Rxb1 {[%clk 0:05:13]} 32. Rxb1 {[%clk
0:22:17]} Kf7 {[%clk 0:04:55]} 33. c4 {[%clk 0:18:38]} Qe7 {[%clk 0:03:50]} 34.
Qa8 {[%clk 0:10:27]} Qd7 {[%clk 0:04:11]} 35. g3 {[%clk 0:06:01]} Bxf4 {[%clk
0:03:00]} 36. gxf4 {[%clk 0:06:28]} c5 {[%clk 0:02:52]} 37. d5 {[%clk 0:05:10]}
Qxa4 {[%clk 0:03:09]} 38. Qa7+ {[%clk 0:04:46]} Bd7 {[%clk 0:01:58]} 39. Qxc5
{[%clk 0:05:06]} Rc8 {[%clk 0:01:42]} 40. Qd6 {[%clk 0:33:53]} Rxc4 {[%clk
0:31:41]} 41. Bc5 {[%clk 0:31:19]} Rxc5 {[%clk 0:28:32]} 42. Qxc5 {[%clk
0:31:45]} h5 {[%clk 0:28:44]} 43. Qd6 {[%clk 0:17:52]} h4 {[%clk 0:23:16]} 44.
Qh6 {[%clk 0:15:09]} Bb5 {[%clk 0:23:33]} 45. Qe6+ {[%clk 0:14:56]} 1-0

[Event "European Women's Championship"]
[Site "Vysoke Tatry"]
[Date "2018.04.16"]
[Round "8"]
[White "Gevorgyan, Maria"]
[Black "Mammadova, Gulnar"]
[Result "0-1"]
[Board "36"]
[WhiteElo "2226"]
[WhiteTitle "WIM"]
[WhiteCountry "ARM"]
[WhiteFideId "13300270"]
[WhiteEloChange "-6"]
[BlackElo "2360"]
[BlackTitle "IM"]
[BlackCountry "AZE"]
[BlackFideId "13403508"]
[BlackEloChange "6"]

1. e4 {[%clk 1:30:57]} e6 {[%clk 1:30:49]} 2. d4 {[%clk 1:31:20]} d5 {[%clk
1:31:13]} 3. e5 {[%clk 1:31:46]} c5 {[%clk 1:31:26]} 4. c3 {[%clk 1:32:11]} Ne7
{[%clk 1:31:40]} 5. Nf3 {[%clk 1:32:11]} Nec6 {[%clk 1:31:56]} 6. Bd3 {[%clk
1:32:21]} b6 {[%clk 1:31:58]} 7. O-O {[%clk 1:32:44]} Ba6 {[%clk 1:32:13]} 8.
Bxa6 {[%clk 1:33:09]} Nxa6 {[%clk 1:32:39]} 9. Qa4 {[%clk 1:33:34]} Nb8 {[%clk
1:33:02]} 10. dxc5 {[%clk 1:33:46]} bxc5 {[%clk 1:32:50]} 11. Qg4 {[%clk
1:34:10]} Nd7 {[%clk 1:29:23]} 12. Re1 {[%clk 1:34:22]} h6 {[%clk 1:26:35]} 13.
c4 {[%clk 1:33:17]} d4 {[%clk 1:18:51]} 14. h4 {[%clk 1:24:50]} Qc7 {[%clk
1:16:53]} 15. Bf4 {[%clk 1:25:01]} Nb4 {[%clk 1:12:14]} 16. Na3 {[%clk 1:14:27]}
Nd3 {[%clk 1:09:14]} 17. Nxd4 {[%clk 1:05:36]} Nxe1 {[%clk 0:57:57]} 18. Nxe6
{[%clk 1:00:29]} Qc6 {[%clk 0:43:23]} 19. Nb5 {[%clk 0:15:24]} fxe6 {[%clk
0:37:54]} 20. Rxe1 {[%clk 0:15:53]} Kf7 {[%clk 0:31:56]} 21. h5 {[%clk 0:14:00]}
Ke8 {[%clk 0:25:00]} 22. Rd1 {[%clk 0:13:35]} Kd8 {[%clk 0:18:57]} 23. Nd6 {[%clk
0:13:38]} Kc7 {[%clk 0:17:52]} 24. Qxe6 {[%clk 0:12:30]} Rd8 {[%clk 0:16:00]} 25.
Qh3 {[%clk 0:09:37]} Bxd6 {[%clk 0:13:42]} 26. Rxd6 {[%clk 0:08:14]} Qe4 {[%clk
0:13:55]} 27. Bg3 {[%clk 0:08:30]} Rhe8 {[%clk 0:12:07]} 28. Re6 {[%clk 0:06:28]}
Nf8 {[%clk 0:10:26]} 29. Rd6 {[%clk 0:06:28]} Rxd6 {[%clk 0:10:29]} 30. exd6+
{[%clk 0:03:28]} Kc6 {[%clk 0:10:49]} 31. f3 {[%clk 0:03:57]} Qd4+ {[%clk
0:10:58]} 32. Kh2 {[%clk 0:04:16]} Nd7 {[%clk 0:10:22]} 33. Qf5 {[%clk 0:04:24]}
Qxc4 {[%clk 0:08:13]} 34. Qg6 {[%clk 0:04:27]} Qe6 {[%clk 0:08:11]} 35. Qc2
{[%clk 0:04:10]} Nb6 {[%clk 0:08:03]} 36. b4 {[%clk 0:04:22]} Qd5 {[%clk
0:07:03]} 37. Qg6 {[%clk 0:04:51]} Re2 {[%clk 0:06:30]} 38. bxc5 {[%clk 0:03:09]}
Nd7 {[%clk 0:05:24]} 39. Kh1 {[%clk 0:02:31]} Qxa2 {[%clk 0:04:21]} 40. Qd3
{[%clk 0:31:11]} Re6 {[%clk 0:31:43]} 41. Qd4 {[%clk 0:29:08]} Re2 {[%clk
0:28:56]} 42. Bf4 {[%clk 0:25:35]} Re1+ {[%clk 0:27:57]} 43. Kh2 {[%clk 0:25:56]}
Qa1 {[%clk 0:27:45]} 44. Qc4 {[%clk 0:17:54]} Rh1+ {[%clk 0:28:05]} 45. Kg3
{[%clk 0:18:24]} Qe1+ {[%clk 0:28:24]} 46. Kg4 {[%clk 0:18:52]} Ne5+ {[%clk
0:28:37]} 0-1

[Event "European Women's Championship"]
[Site "Vysoke Tatry"]
[Date "2018.04.16"]
[Round "8"]
[White "Mamedjarova, Turkan"]
[Black "Savina, Anastasia"]
[Result "1-0"]
[Board "37"]
[WhiteElo "2274"]
[WhiteTitle "WGM"]
[WhiteCountry "AZE"]
[WhiteFideId "13402005"]
[WhiteEloChange "12"]
[BlackElo "2358"]
[BlackTitle "IM"]
[BlackCountry "RUS"]
[BlackFideId "4196872"]
[BlackEloChange "-12"]

1. d4 {[%clk 1:30:55]} d6 {[%clk 1:29:01]} 2. e4 {[%clk 1:27:21]} Nf6 {[%clk
1:27:56]} 3. Bd3 {[%clk 1:25:25]} e5 {[%clk 1:27:27]} 4. c3 {[%clk 1:23:13]} g6
{[%clk 1:26:44]} 5. Ne2 {[%clk 1:17:51]} Bg7 {[%clk 1:14:36]} 6. O-O {[%clk
1:17:03]} O-O {[%clk 1:13:40]} 7. h3 {[%clk 1:16:05]} Re8 {[%clk 0:58:17]} 8. Ng3
{[%clk 1:09:11]} exd4 {[%clk 0:49:15]} 9. cxd4 {[%clk 1:08:37]} c5 {[%clk
0:48:11]} 10. dxc5 {[%clk 1:00:23]} dxc5 {[%clk 0:48:36]} 11. Be3 {[%clk
1:00:41]} Nc6 {[%clk 0:34:22]} 12. Bxc5 {[%clk 0:45:46]} Nd7 {[%clk 0:33:31]} 13.
Ba3 {[%clk 0:44:47]} Nde5 {[%clk 0:32:48]} 14. Bb5 {[%clk 0:38:55]} Be6 {[%clk
0:29:12]} 15. Nc3 {[%clk 0:31:33]} Qh4 {[%clk 0:10:52]} 16. Nce2 {[%clk 0:14:53]}
Red8 {[%clk 0:06:57]} 17. Qc1 {[%clk 0:13:22]} Rac8 {[%clk 0:04:57]} 18. Qe3
{[%clk 0:09:35]} a6 {[%clk 0:01:05]} 19. Bxc6 {[%clk 0:08:49]} Rxc6 {[%clk
0:01:25]} 20. Rad1 {[%clk 0:08:08]} Rxd1 {[%clk 0:00:34]} 21. Rxd1 {[%clk
0:08:34]} Bh6 {[%clk 0:00:32]} 22. Qxh6 {[%clk 0:08:08]} 1-0

[Event "European Women's Championship"]
[Site "Vysoke Tatry"]
[Date "2018.04.16"]
[Round "8"]
[White "Semenova, Elena"]
[Black "Sliwicka, Alicja"]
[Result "1-0"]
[Board "38"]
[WhiteElo "2221"]
[WhiteTitle "WIM"]
[WhiteCountry "RUS"]
[WhiteFideId "24125148"]
[WhiteEloChange "13"]
[BlackElo "2329"]
[BlackTitle "WFM"]
[BlackCountry "POL"]
[BlackFideId "1150677"]
[BlackEloChange "-13"]

1. e4 {[%clk 1:30:56]} e5 {[%clk 1:30:55]} 2. Nf3 {[%clk 1:31:17]} Nc6 {[%clk
1:31:19]} 3. Bc4 {[%clk 1:31:42]} Nf6 {[%clk 1:31:43]} 4. d3 {[%clk 1:32:00]} Be7
{[%clk 1:32:05]} 5. O-O {[%clk 1:32:09]} O-O {[%clk 1:32:30]} 6. Re1 {[%clk
1:32:18]} d6 {[%clk 1:32:51]} 7. a4 {[%clk 1:32:31]} Kh8 {[%clk 1:32:57]} 8. h3
{[%clk 1:31:34]} Ng8 {[%clk 1:32:57]} 9. Nc3 {[%clk 1:31:59]} f5 {[%clk 1:31:21]}
10. Nd5 {[%clk 1:31:57]} Nf6 {[%clk 1:28:53]} 11. Nxe7 {[%clk 1:24:28]} Qxe7
{[%clk 1:27:18]} 12. c3 {[%clk 1:23:56]} fxe4 {[%clk 1:17:07]} 13. dxe4 {[%clk
1:24:08]} Be6 {[%clk 1:17:12]} 14. Bd5 {[%clk 1:18:35]} Nd8 {[%clk 1:14:32]} 15.
a5 {[%clk 1:08:52]} c6 {[%clk 1:10:58]} 16. Bxe6 {[%clk 0:52:46]} Nxe6 {[%clk
1:11:18]} 17. Ng5 {[%clk 0:50:41]} Nc5 {[%clk 1:02:03]} 18. b4 {[%clk 0:50:06]}
Ncd7 {[%clk 1:02:20]} 19. Qe2 {[%clk 0:39:25]} Rae8 {[%clk 0:59:37]} 20. c4
{[%clk 0:34:37]} h6 {[%clk 0:53:16]} 21. Nf3 {[%clk 0:35:03]} Qf7 {[%clk
0:41:40]} 22. Ra3 {[%clk 0:29:32]} d5 {[%clk 0:38:01]} 23. cxd5 {[%clk 0:25:46]}
cxd5 {[%clk 0:38:24]} 24. exd5 {[%clk 0:25:27]} e4 {[%clk 0:37:18]} 25. Nd4
{[%clk 0:19:09]} Nxd5 {[%clk 0:35:19]} 26. Nb5 {[%clk 0:14:36]} Re6 {[%clk
0:30:45]} 27. Rg3 {[%clk 0:13:42]} a6 {[%clk 0:27:47]} 28. Nc3 {[%clk 0:12:36]}
Nxc3 {[%clk 0:25:01]} 29. Rxc3 {[%clk 0:13:02]} Ne5 {[%clk 0:24:24]} 30. Rg3
{[%clk 0:10:49]} Rg6 {[%clk 0:18:46]} 31. Rxg6 {[%clk 0:09:12]} Nf3+ {[%clk
0:13:46]} 32. gxf3 {[%clk 0:06:54]} Qxg6+ {[%clk 0:14:10]} 33. Kh2 {[%clk
0:06:32]} exf3 {[%clk 0:14:34]} 34. Qf1 {[%clk 0:06:50]} Qd6+ {[%clk 0:12:34]}
35. Kh1 {[%clk 0:07:16]} Qxb4 {[%clk 0:11:36]} 36. Qg1 {[%clk 0:07:14]} Rf6
{[%clk 0:10:46]} 37. Re8+ {[%clk 0:04:10]} Kh7 {[%clk 0:11:09]} 38. Qe1 {[%clk
0:04:36]} Qc5 {[%clk 0:07:31]} 39. Bb2 {[%clk 0:03:45]} Rg6 {[%clk 0:07:51]} 40.
Be5 {[%clk 0:31:09]} Qc6 {[%clk 0:34:39]} 41. Re7 {[%clk 0:21:54]} Qc8 {[%clk
0:33:42]} 42. Qf1 {[%clk 0:20:59]} Qc5 {[%clk 0:26:49]} 43. Re8 {[%clk 0:20:11]}
Qxa5 {[%clk 0:26:27]} 44. Qb1 {[%clk 0:15:47]} Qb6 {[%clk 0:20:37]} 45. Qxb6
{[%clk 0:15:42]} Rxb6 {[%clk 0:21:03]} 46. Re7 {[%clk 0:15:00]} Kg6 {[%clk
0:21:28]} 47. Kh2 {[%clk 0:13:49]} a5 {[%clk 0:20:08]} 48. Bxg7 {[%clk 0:11:43]}
a4 {[%clk 0:19:52]} 49. Bd4 {[%clk 0:12:00]} Rb4 {[%clk 0:18:26]} 50. Bc5 {[%clk
0:12:15]} Rb2 {[%clk 0:16:15]} 51. Kg3 {[%clk 0:12:15]} b5 {[%clk 0:15:25]} 52.
Ra7 {[%clk 0:09:32]} Rc2 {[%clk 0:14:25]} 53. Ba3 {[%clk 0:09:54]} Ra2 {[%clk
0:14:36]} 54. Bf8 {[%clk 0:10:02]} Rb2 {[%clk 0:13:25]} 55. Kxf3 {[%clk 0:08:08]}
Rb3+ {[%clk 0:13:18]} 56. Ke4 {[%clk 0:07:17]} Rxh3 {[%clk 0:13:03]} 57. f4
{[%clk 0:07:39]} Rh1 {[%clk 0:12:21]} 58. f5+ {[%clk 0:07:54]} Kg5 {[%clk
0:11:35]} 59. Be7+ {[%clk 0:07:35]} Kg4 {[%clk 0:10:25]} 60. f6 {[%clk 0:06:59]}
Rf1 {[%clk 0:10:39]} 61. Ke5 {[%clk 0:04:47]} Kh5 {[%clk 0:10:10]} 62. Bd6 {[%clk
0:04:39]} Re1+ {[%clk 0:06:48]} 63. Kf5 {[%clk 0:04:59]} Rf1+ {[%clk 0:06:08]}
64. Bf4 {[%clk 0:05:23]} 1-0

[Event "European Women's Championship"]
[Site "Vysoke Tatry"]
[Date "2018.04.16"]
[Round "8"]
[White "Mikadze, Miranda"]
[Black "Cibickova, Zuzana"]
[Result "1-0"]
[Board "39"]
[WhiteElo "2216"]
[WhiteTitle "WGM"]
[WhiteCountry "GEO"]
[WhiteFideId "13603108"]
[WhiteEloChange "13"]
[BlackElo "2327"]
[BlackTitle "WGM"]
[BlackCountry "SVK"]
[BlackFideId "14905779"]
[BlackEloChange "-13"]

1. e4 {[%clk 1:30:57]} e5 {[%clk 1:30:54]} 2. Nf3 {[%clk 1:31:25]} Nc6 {[%clk
1:31:19]} 3. Bb5 {[%clk 1:31:53]} a6 {[%clk 1:31:44]} 4. Ba4 {[%clk 1:32:21]} Nf6
{[%clk 1:32:08]} 5. d3 {[%clk 1:32:49]} d6 {[%clk 1:32:22]} 6. c3 {[%clk
1:32:41]} g6 {[%clk 1:32:21]} 7. O-O {[%clk 1:32:53]} Bg7 {[%clk 1:32:45]} 8. Re1
{[%clk 1:32:30]} O-O {[%clk 1:33:02]} 9. Nbd2 {[%clk 1:32:18]} h6 {[%clk
1:33:25]} 10. d4 {[%clk 1:29:21]} b5 {[%clk 1:18:45]} 11. Bb3 {[%clk 1:29:48]}
Bb7 {[%clk 1:13:05]} 12. Nf1 {[%clk 1:19:09]} Re8 {[%clk 1:11:34]} 13. Ng3 {[%clk
1:18:00]} exd4 {[%clk 0:46:54]} 14. cxd4 {[%clk 1:17:20]} Na5 {[%clk 0:47:11]}
15. Bc2 {[%clk 1:17:40]} c5 {[%clk 0:47:37]} 16. Rb1 {[%clk 1:09:11]} Nc6 {[%clk
0:46:22]} 17. d5 {[%clk 1:01:29]} Nb4 {[%clk 0:43:58]} 18. a3 {[%clk 1:01:20]}
Nxc2 {[%clk 0:43:36]} 19. Qxc2 {[%clk 1:01:15]} Rc8 {[%clk 0:38:42]} 20. Bf4
{[%clk 1:00:05]} Qb6 {[%clk 0:30:18]} 21. h4 {[%clk 1:00:08]} h5 {[%clk 0:29:59]}
22. Qd2 {[%clk 0:59:02]} Ng4 {[%clk 0:29:49]} 23. Nh2 {[%clk 0:58:25]} Nxh2
{[%clk 0:29:27]} 24. Kxh2 {[%clk 0:58:52]} Qd8 {[%clk 0:29:40]} 25. Bg5 {[%clk
0:59:16]} Qd7 {[%clk 0:29:24]} 26. Re3 {[%clk 0:54:13]} f6 {[%clk 0:19:10]} 27.
Bf4 {[%clk 0:54:30]} Qg4 {[%clk 0:18:48]} 28. Rf3 {[%clk 0:32:27]} Rcd8 {[%clk
0:11:38]} 29. Kg1 {[%clk 0:32:46]} Kh7 {[%clk 0:10:02]} 30. Qa5 {[%clk 0:30:04]}
Bc8 {[%clk 0:07:52]} 31. Qb6 {[%clk 0:28:54]} Qd7 {[%clk 0:07:58]} 32. Bd2 {[%clk
0:29:11]} Qb7 {[%clk 0:07:45]} 33. Qxb7 {[%clk 0:29:12]} Bxb7 {[%clk 0:08:14]}
34. Bc3 {[%clk 0:29:36]} Rf8 {[%clk 0:06:11]} 35. Re1 {[%clk 0:26:51]} Rde8
{[%clk 0:06:25]} 36. Kf1 {[%clk 0:26:10]} Rf7 {[%clk 0:06:20]} 37. Rd3 {[%clk
0:26:00]} Rfe7 {[%clk 0:05:40]} 38. f3 {[%clk 0:22:59]} Bc8 {[%clk 0:03:55]} 39.
Ra1 {[%clk 0:20:20]} Bd7 {[%clk 0:04:16]} 40. Kf2 {[%clk 0:49:50]} Kg8 {[%clk
0:33:50]} 41. Re1 {[%clk 0:47:29]} Kf7 {[%clk 0:31:25]} 42. Re2 {[%clk 0:47:02]}
b4 {[%clk 0:27:46]} 43. axb4 {[%clk 0:45:00]} Bb5 {[%clk 0:28:05]} 44. Rd1 {[%clk
0:41:09]} Bxe2 {[%clk 0:27:45]} 45. Kxe2 {[%clk 0:41:36]} Rc7 {[%clk 0:19:37]}
46. bxc5 {[%clk 0:36:32]} Rxc5 {[%clk 0:20:06]} 47. Ra1 {[%clk 0:36:56]} Ra8
{[%clk 0:17:07]} 48. Kd3 {[%clk 0:37:20]} Rb5 {[%clk 0:17:01]} 49. Ra4 {[%clk
0:36:55]} Bf8 {[%clk 0:09:39]} 50. Ne2 {[%clk 0:36:15]} Be7 {[%clk 0:09:13]} 51.
Nd4 {[%clk 0:36:28]} Rb7 {[%clk 0:09:10]} 52. Nc6 {[%clk 0:34:57]} Rb5 {[%clk
0:06:08]} 53. Rc4 {[%clk 0:29:42]} Rb7 {[%clk 0:06:10]} 54. f4 {[%clk 0:23:09]}
Bd8 {[%clk 0:03:24]} 55. g3 {[%clk 0:22:52]} Bc7 {[%clk 0:03:40]} 56. Ke2 {[%clk
0:10:56]} Re8 {[%clk 0:03:57]} 57. Kf3 {[%clk 0:11:17]} Rh8 {[%clk 0:02:40]} 58.
Nd4 {[%clk 0:11:34]} Ra8 {[%clk 0:02:22]} 59. Ne6 {[%clk 0:11:46]} Bd8 {[%clk
0:02:36]} 60. Rc6 {[%clk 0:05:27]} Ke7 {[%clk 0:02:03]} 61. Nxd8 {[%clk 0:04:07]}
Rxd8 {[%clk 0:02:32]} 62. Rxa6 {[%clk 0:04:25]} Kf7 {[%clk 0:02:17]} 63. Rc6
{[%clk 0:03:43]} Rdd7 {[%clk 0:02:06]} 64. Ke3 {[%clk 0:03:38]} Rb3 {[%clk
0:01:26]} 65. Kd4 {[%clk 0:03:56]} Ke7 {[%clk 0:01:22]} 66. Kc4 {[%clk 0:03:47]}
Rdb7 {[%clk 0:01:50]} 67. e5 {[%clk 0:03:41]} fxe5 {[%clk 0:01:44]} 68. fxe5
{[%clk 0:04:07]} dxe5 {[%clk 0:01:39]} 69. Rxg6 {[%clk 0:04:27]} R3b6 {[%clk
0:01:22]} 70. Rg5 {[%clk 0:02:21]} e4 {[%clk 0:00:55]} 71. Re5+ {[%clk 0:02:29]}
Kf7 {[%clk 0:00:59]} 72. Rxe4 {[%clk 0:02:53]} Rg6 {[%clk 0:00:46]} 73. Re5
{[%clk 0:02:30]} Rxg3 {[%clk 0:00:53]} 74. Rxh5 {[%clk 0:02:55]} Rb8 {[%clk
0:00:35]} 75. Rh7+ {[%clk 0:03:09]} Kf8 {[%clk 0:00:42]} 76. d6 {[%clk 0:02:21]}
Rd8 {[%clk 0:00:35]} 77. Kc5 {[%clk 0:02:13]} Rc8+ {[%clk 0:00:33]} 78. Kb6
{[%clk 0:02:26]} Rg6 {[%clk 0:00:35]} 79. Rh8+ {[%clk 0:02:45]} 1-0

[Event "European Women's Championship"]
[Site "Vysoke Tatry"]
[Date "2018.04.16"]
[Round "8"]
[White "Kusenkova, Natallia"]
[Black "Charochkina, Daria"]
[Result "1/2-1/2"]
[Board "40"]
[WhiteElo "2134"]
[WhiteCountry "BLR"]
[WhiteFideId "13506501"]
[WhiteEloChange "5"]
[BlackElo "2326"]
[BlackTitle "IM"]
[BlackCountry "RUS"]
[BlackFideId "4180917"]
[BlackEloChange "-5"]

1. Nf3 {[%clk 1:30:56]} d5 {[%clk 1:30:55]} 2. d4 {[%clk 1:31:18]} Nf6 {[%clk
1:31:21]} 3. c4 {[%clk 1:31:41]} c6 {[%clk 1:31:49]} 4. g3 {[%clk 1:31:49]} dxc4
{[%clk 1:32:15]} 5. Bg2 {[%clk 1:31:57]} Nbd7 {[%clk 1:28:30]} 6. O-O {[%clk
1:26:01]} e6 {[%clk 1:20:43]} 7. Qc2 {[%clk 1:22:07]} b5 {[%clk 1:05:31]} 8. b3
{[%clk 1:18:25]} cxb3 {[%clk 0:55:42]} 9. Qxc6 {[%clk 1:09:02]} Rb8 {[%clk
0:56:00]} 10. axb3 {[%clk 1:07:35]} Bb7 {[%clk 0:56:22]} 11. Qc2 {[%clk 1:07:09]}
Rc8 {[%clk 0:56:47]} 12. Qd3 {[%clk 0:57:13]} Qb6 {[%clk 0:55:19]} 13. Bd2 {[%clk
0:46:24]} a6 {[%clk 0:43:10]} 14. Ba5 {[%clk 0:44:01]} Qd6 {[%clk 0:40:12]} 15.
Nbd2 {[%clk 0:38:36]} Be7 {[%clk 0:40:27]} 16. Rfe1 {[%clk 0:33:39]} Nd5 {[%clk
0:38:08]} 17. Ne4 {[%clk 0:30:39]} Qb8 {[%clk 0:33:26]} 18. Rac1 {[%clk 0:25:05]}
O-O {[%clk 0:33:31]} 19. Neg5 {[%clk 0:24:13]} g6 {[%clk 0:33:17]} 20. e4 {[%clk
0:23:09]} Nb4 {[%clk 0:33:12]} 21. Qd2 {[%clk 0:22:37]} Nc6 {[%clk 0:19:57]} 22.
Bc3 {[%clk 0:22:56]} e5 {[%clk 0:20:05]} 23. d5 {[%clk 0:19:25]} Nd4 {[%clk
0:18:04]} 24. Nxd4 {[%clk 0:17:08]} Rxc3 {[%clk 0:18:32]} 25. Rxc3 {[%clk
0:09:15]} exd4 {[%clk 0:18:57]} 26. Rcc1 {[%clk 0:08:45]} Nc5 {[%clk 0:17:54]}
27. Rb1 {[%clk 0:09:07]} Qd8 {[%clk 0:18:18]} 28. Nf3 {[%clk 0:09:10]} f5 {[%clk
0:18:29]} 29. Nxd4 {[%clk 0:07:17]} fxe4 {[%clk 0:15:24]} 30. b4 {[%clk 0:05:01]}
Bg5 {[%clk 0:15:40]} 31. Qe2 {[%clk 0:01:58]} Qxd5 {[%clk 0:15:13]} 32. bxc5
{[%clk 0:01:30]} Qxd4 {[%clk 0:15:37]} 33. Bxe4 {[%clk 0:00:40]} Bxe4 {[%clk
0:13:23]} 34. Qxe4 {[%clk 0:01:07]} Qxf2+ {[%clk 0:13:51]} 35. Kh1 {[%clk
0:01:33]} Qxc5 {[%clk 0:13:58]} 36. Qe6+ {[%clk 0:01:33]} Kg7 {[%clk 0:14:06]}
37. Qe5+ {[%clk 0:00:35]} Qxe5 {[%clk 0:14:30]} 38. Rxe5 {[%clk 0:01:03]} Bd2
{[%clk 0:11:15]} 39. Rd5 {[%clk 0:01:00]} Bc3 {[%clk 0:10:48]} 40. Rc5 {[%clk
0:30:45]} b4 {[%clk 0:40:43]} 41. Rd1 {[%clk 0:16:28]} Rf2 {[%clk 0:22:28]} 42.
Rd7+ {[%clk 0:06:00]} Kh6 {[%clk 0:22:52]} 43. Rcc7 {[%clk 0:04:36]} a5 {[%clk
0:10:23]} 44. Rxh7+ {[%clk 0:04:41]} Kg5 {[%clk 0:10:50]} 45. Rc5+ {[%clk
0:03:57]} Rf5 {[%clk 0:11:17]} 46. Rhc7 {[%clk 0:03:20]} Bd4 {[%clk 0:07:31]} 47.
Rc4 {[%clk 0:03:02]} Rd5 {[%clk 0:06:01]} 48. Rb7 {[%clk 0:02:39]} Kf5 {[%clk
0:05:07]} 49. Kg2 {[%clk 0:02:17]} Ke4 {[%clk 0:05:31]} 50. Rc6 {[%clk 0:01:50]}
g5 {[%clk 0:05:11]} 51. h4 {[%clk 0:01:29]} gxh4 {[%clk 0:05:23]} 52. gxh4 {[%clk
0:01:56]} Bc3 {[%clk 0:04:01]} 53. Rcb6 {[%clk 0:01:44]} Rh5 {[%clk 0:02:48]} 54.
Kh3 {[%clk 0:01:30]} Kd3 {[%clk 0:01:28]} 55. Kg4 {[%clk 0:01:39]} Rc5 {[%clk
0:01:55]} 56. h5 {[%clk 0:01:09]} Rc4+ {[%clk 0:02:13]} 57. Kf5 {[%clk 0:00:52]}
a4 {[%clk 0:02:25]} 58. h6 {[%clk 0:00:55]} a3 {[%clk 0:02:07]} 59. Ra6 {[%clk
0:01:14]} Kc2 {[%clk 0:01:14]} 60. h7 {[%clk 0:01:08]} Rh4 {[%clk 0:01:38]} 61.
Ra8 {[%clk 0:00:55]} Kb2 {[%clk 0:01:04]} 62. Rba7 {[%clk 0:00:48]} b3 {[%clk
0:01:06]} 63. Rxa3 {[%clk 0:00:41]} Rxh7 {[%clk 0:01:34]} 64. R3a7 {[%clk
0:00:38]} Rh5+ {[%clk 0:01:38]} 65. Ke4 {[%clk 0:00:54]} Re5+ {[%clk 0:01:46]}
66. Kd3 {[%clk 0:00:45]} Rd5+ {[%clk 0:02:13]} 67. Ke2 {[%clk 0:00:46]} Kc2
{[%clk 0:01:57]} 68. Rb7 {[%clk 0:00:45]} Rd2+ {[%clk 0:01:15]} 69. Kf3 {[%clk
0:00:47]} Rd3+ {[%clk 0:01:04]} 70. Ke2 {[%clk 0:00:57]} Rd2+ {[%clk 0:01:01]}
71. Kf3 {[%clk 0:01:20]} b2 {[%clk 0:01:04]} 72. Rab8 {[%clk 0:01:08]} Rh2 {[%clk
0:00:42]} 73. Rb5 {[%clk 0:01:16]} Rh4 {[%clk 0:00:51]} 74. Ke2 {[%clk 0:00:53]}
Re4+ {[%clk 0:01:03]} 75. Kf3 {[%clk 0:01:17]} Rc4 {[%clk 0:01:01]} 76. Ke2
{[%clk 0:01:06]} Bd4 {[%clk 0:00:59]} 77. R8b7 {[%clk 0:01:09]} Rc6 {[%clk
0:01:04]} 78. Kf3 {[%clk 0:01:02]} Re6 {[%clk 0:01:15]} 79. Rc7+ {[%clk 0:00:41]}
Bc3 {[%clk 0:00:40]} 80. Rcb7 {[%clk 0:01:05]} Re1 {[%clk 0:00:54]} 81. Rb8
{[%clk 0:01:01]} Re7 {[%clk 0:00:37]} 82. R8b7 {[%clk 0:00:51]} Re1 {[%clk
0:00:51]} 83. Rb8 {[%clk 0:01:09]} 1/2-1/2